Vykazovanie výnosov z dlhodobých zmlúv o výstavbe (USA)

Vykazovanie výnosov v prípade dlhodobých zmlúv o výstavbe nie je v USA (na rozdiel od medzinárodných štandardov IFRS) upravované univerzálnym štandardom.

Salvato in:
Dettagli Bibliografici
Autore principale: Tumpach, Miloš, 1970-
Natura: Capitolo di libro
Lingua:slovacco
Soggetti:
Tags: Aggiungi Tag
Nessun Tag, puoi essere il primo ad aggiungerne!!

MARC

LEADER 00000nla$a2200000$$$4500
001 0132533
005 20240502072511.8
041 0 |a slo 
044 |a SK 
245 1 0 |a Vykazovanie výnosov z dlhodobých zmlúv o výstavbe (USA)  |c Miloš Tumpach 
520 |a Vykazovanie výnosov v prípade dlhodobých zmlúv o výstavbe nie je v USA (na rozdiel od medzinárodných štandardov IFRS) upravované univerzálnym štandardom. 
610 2 0 |a štandardy účtovné medzinárodné 
610 2 0 |a výnosy 
610 2 0 |a zmluvy 
610 2 0 |a USA 
610 2 0 |a stavebníctvo 
100 1 |a Tumpach, Miloš, 1970-